John Ajvide Lindqvist's UK published novels Quiz Stats

 Plays Quiz not verified by Sporcle

Challenge
Share
Tweet
Embed
Score 0/5 Timer 03:00
0 Plays Today
Novel % Correct
Let the Right One In
100%
Handling the Undead
80%
Harbour
80%
Little Star
60%
Let the Old Dreams Die
40%

You're not logged in!

Compare scores with friends on all Sporcle quizzes.
OR
Log In

You Might Also Like...

Show Comments

Extras

Created Jan 8, 2013ReportNominate
Tags:Novel Quiz, john, published

Top Quizzes Today


Score Distribution

Your Account Isn't Verified!

In order to create a playlist on Sporcle, you need to verify the email address you used during registration. Go to your Sporcle Settings to finish the process.

Report this User

Report this user for behavior that violates our Community Guidelines.

Details: